Schengen Countries (2025 latest!) - Statistics

General Stats
  • This quiz has been taken 676 times
    579 since last reset
  • The average score is 26 of 29
Answer Stats
Hint Answer % Correct
France
95%
Germany
94%
Spain
94%
Sweden
94%
Austria
93%
Portugal
93%
Finland
92%
Poland
92%
Belgium
91%
Estonia
91%
Norway
91%
Switzerland
91%
Denmark
90%
Luxembourg
90%
Netherlands
90%
Croatia
89%
Italy
89%
Latvia
89%
Lithuania
89%
Slovakia
89%
Slovenia
89%
Hungary
87%
Romania
87%
Bulgaria
86%
Czech Republic
86%
Greece
86%
Liechtenstein
79%
Iceland
78%
Malta
77%
No matching quizzes found
Score Distribution
Percent of People with Each Score
Percentile by Number Answered
Your Score History
You have not taken this quiz since the last reset